LIBRARY & INFORMATION CENTRE, KCAET, TAVANUR

ONLINE PUBLIC ACCESS CATALOGUE (OPAC)

Greeting wastelands / (Record no. 550)

MARC details
000 -LEADER
fixed length control field 00360cam a2200145ua 4500
020 ## - INTERNATIONAL STANDARD BOOK NUMBER
ISBN 81-7626-209-0
041 ## - LANGUAGE CODE
Language code of text/sound track or separate title eng
082 ## - DEWEY DECIMAL CLASSIFICATION NUMBER
Classification number 650
Item number SHA/GR
100 ## - MAIN ENTRY--AUTHOR NAME
Personal name Sharma, V K .
245 ## - TITLE STATEMENT
Title Greeting wastelands /
260 ## - PUBLICATION, DISTRIBUTION, ETC. (IMPRINT)
Place of publication New Delhi :
Name of publisher Deep and Deep Publications Pvt Ltd ,
Year of publication 2000.
300 ## - PHYSICAL DESCRIPTION
Number of Pages 297 ; .
942 ## - ADDED ENTRY ELEMENTS (KOHA)
Koha item type Books
Holdings
Withdrawn status Lost status Damaged status Home library Current library Date acquired Full call number Accession Number Koha item type
      KAUAET KAUAET 01/08/2018 650 SHA/GR 20511 Books
free website counter